Online
Catalog

Miró y la imaginación / (Record no. 1248)

MARC details
000 -CABECERA
campo de control de longitud fija 00844cam a2200241 a 4500
001 - NÚMERO DE CONTROL
campo de control 000001311
005 - FECHA Y HORA DE LA ÚLTIMA TRANSACCIÓN
campo de control 20200929145534.0
008 - DATOS DE LONGITUD FIJA--INFORMACIÓN GENERAL
campo de control de longitud fija 810509s1949 sp ac 000 0 spa
040 ## - FUENTE DE LA CATALOGACIÓN
Centro catalogador/agencia de origen DO-SdBNP
Lengua de catalogación spa
Centro/agencia transcriptor BNPHU
082 ## - NÚMERO DE LA CLASIFICACIÓN DECIMAL DEWEY
Número de clasificación 759.06
Número de documento/Ítem C578m
100 1# - ENTRADA PRINCIPAL--NOMBRE DE PERSONA
Nombre de persona Cirici Pellicer, Alexandre,
Fechas asociadas al nombre 1914-1983.
9 (RLIN) 4431
245 10 - MENCIÓN DE TÍTULO
Título Miró y la imaginación /
Mención de responsabilidad, etc. Alexandre Cirici Pellicer.
260 ## - PUBLICACIÓN, DISTRIBUCIÓN, ETC.
Lugar de publicación, distribución, etc. Barcelona, :
Nombre del editor, distribuidor, etc. Omega,
Fecha de publicación, distribución, etc. 1949.
300 ## - DESCRIPCIÓN FÍSICA
Extensión 41 p. :
Otras características físicas il., retrs. ;
Dimensiones 24 cm.
490 1# - MENCIÓN DE SERIE
Mención de serie Poliedro
504 ## - NOTA DE BIBLIOGRAFÍA, ETC.
Nota de bibliografía, etc. Con seis ilustraciones en color y sesenta en negro.
504 ## - NOTA DE BIBLIOGRAFÍA, ETC.
Nota de bibliografía, etc. Incluye referencias bibliográficas y notas al pie de las páginas.
600 14 - PUNTO DE ACCESO ADICIONAL DE MATERIA--NOMBRE DE PERSONA
Nombre de persona MIRÓ, JOAN,
Fechas asociadas al nombre 1893-1983.
Subdivisión general CRÍTICA E INTERPRETACIÓN
9 (RLIN) 4432
650 #4 - PUNTO DE ACCESO ADICIONAL DE MATERIA--TÉRMINO DE MATERIA
Término de materia o nombre geográfico como elemento de entrada Pintura moderna
Subdivisión cronológica SIGLO XX
9 (RLIN) 4433
650 #4 - PUNTO DE ACCESO ADICIONAL DE MATERIA--TÉRMINO DE MATERIA
Término de materia o nombre geográfico como elemento de entrada Surrealismo
9 (RLIN) 4434
650 #4 - PUNTO DE ACCESO ADICIONAL DE MATERIA--TÉRMINO DE MATERIA
Término de materia o nombre geográfico como elemento de entrada Dadaismo
9 (RLIN) 4435
830 #0 - PUNTO DE ACCESO ADICIONAL DE SERIE-TÍTULO UNIFORME
Título uniforme Poliedro.
9 (RLIN) 4436
Holdings
Estado de retiro Estado de pérdida Restricciones de uso No para préstamo Código de colección Localización permanente Ubicación/localización actual Ubicación en estantería Fecha de adquisición Número de inventario Total de préstamos Signatura topográfica completa Código de barras Fecha visto por última vez Precio válido a partir de Tipo de ítem Koha
    Préstamo interno   Monografías: Libros y Folletos General General Depósito 04.09.2009 LF1   759.06 C578m 1311-10 25.06.2020 25.06.2020 Préstamo interno

Powered by Koha